000 00690nam a2200169Ia 4500
003 GCL
008 140319s9999 xx 000 0 ara d
040 _aGCL /
_cGCL
082 0 4 _a189.1
_bم خ
100 1 _aمحمد عبدالرحمن مرحبا
245 1 0 _aخطاب الفلسفة العربية الاسلامية :
_bالنشاة و التطور والنضوج /
_cمحمد عبدالرحمن مرحبا
260 _aبيروت :
_bمؤسسة عز الدين للطباعة والنشر ،
_c1993
300 _a688 ص ؛
_c22 سم
650 0 4 _aالفلسفة الاسلامية - طرق البحث
650 0 4 _aالفلسفة الاسلامية - تراجم
942 _2ddc
_cBK
999 _c39094
_d39094